| 000 | 00477nam a22001697a 4500 | ||
|---|---|---|---|
| 003 | NUST - PNEC | ||
| 005 | 20170116181149.0 | ||
| 008 | 151015b xxu||||| |||| 00| 0 eng d | ||
| 020 | _a0195771605 | ||
| 040 | _cLIBRARY | ||
| 082 | _a915.043 MAS | ||
| 100 |
_915236 _aMasson, Charles |
||
| 245 |
_aNarrative of various journeys in Balochistan, Afghanistan, and the Panjab Vol 3 _cCharles Masson |
||
| 260 | _cc.1974 | ||
| 650 |
_915237 _aTravel _xGeneral |
||
| 942 |
_2ddc _cBK |
||
| 999 |
_c70850 _d70850 |
||